000 00425nam a2200145Ia 4500
008 220214s9999 xx 000 0 und d
100 _aAngier D J
245 0 _aMastication of rubber. IV. Polymerization of vinyl manomers by the cold mastication of rubber
260 _bJournal of Polymer Science
_c1956
300 _a235-250
650 _aCold mastication
650 _aMastication
700 _aWatson W F
942 _cRE
999 _c45562
_d45562